000 01005cab a2200217 4500
001 X86190
008 090401t1997 xxu||||| |||| 00| 0 eng d
035 _a(Sirsi) u80603
041 _aeng
245 _aChiltern DC and Dyason
260 _c1997
350 _a0
490 _aPlanning Appeal Decisions
_v[1997] 12 PAD 328-331(4)
520 _aAlterations of existing two-storey farm building to single storey-ostrich breeding, rearing and general storage-Green Belt-Area of outstanding Natural Beauty-whether harmful to character and appearance of area-whether sufficient agricultural justification-Structure and Local Plans-space needed for ostriches-embroyonic business now hatched-future need for slaughering facilities-`inappropriate development`-PPG2. Taken from headnote.
650 _aINAPPROPRIATE DEVELOPMENT
650 _aOSTRICH FARM
650 _aPLANNING POLICY GUIDANCE NOTE 2 (GREEN BELTS)
690 _aPLANNING LAW AND PRACTICE-CASE LAW
942 _n0
948 _c01/09/1997
999 _c50736
_d50736